<?xml version="1.0" encoding="UTF-8"?>
<record
    xmlns:xsi="http://www.w3.org/2001/XMLSchema-instance"
    xsi:schemaLocation="http://www.loc.gov/MARC21/slim http://www.loc.gov/standards/marcxml/schema/MARC21slim.xsd"
    xmlns="http://www.loc.gov/MARC21/slim">

  <leader>00913nam a2200205 a 4500</leader>
  <controlfield tag="001">1140</controlfield>
  <controlfield tag="003">CDMR</controlfield>
  <controlfield tag="005">20131018111834.0</controlfield>
  <controlfield tag="008">130130s2000||||sp |||||||||||||||||cat|d</controlfield>
  <datafield tag="040" ind1=" " ind2=" ">
    <subfield code="a">CDMR</subfield>
    <subfield code="b">cat</subfield>
    <subfield code="c">CPC LLEIDA</subfield>
  </datafield>
  <datafield tag="245" ind1="0" ind2="4">
    <subfield code="a">Els diaris del segle XX</subfield>
    <subfield code="b">: col&#xB7;lecci&#xF3; Josep Bosch Grau</subfield>
    <subfield code="c">[textos del cat&#xE0;leg, Josep Bosch i Grau]</subfield>
  </datafield>
  <datafield tag="260" ind1=" " ind2=" ">
    <subfield code="a">Barcelona</subfield>
    <subfield code="b">Universitat Pompeu Fabra</subfield>
  </datafield>
  <datafield tag="260" ind1=" " ind2=" ">
    <subfield code="b">Ajuntament de Barcelona</subfield>
    <subfield code="c">2000</subfield>
  </datafield>
  <datafield tag="300" ind1=" " ind2=" ">
    <subfield code="a">173 p.</subfield>
    <subfield code="b">il. col.</subfield>
  </datafield>
  <datafield tag="500" ind1=" " ind2=" ">
    <subfield code="a">Cat&#xE0;leg de l'exposici&#xF3; organitzada per l'Aula d'Hist&#xF2;ria del Periodisme Diari de Barcelona (Universitat Pompeu Fabra - Ajuntament de Barcelona) i Biblioteca de la UPF, amb col&#xB7;laboraci&#xF3; d'El Peri&#xF3;dico de Catalunya, celebrada al Pati de l'edifici Rambla, 1-30 juny del 2000.</subfield>
  </datafield>
  <datafield tag="650" ind1="0" ind2="4">
    <subfield code="9">195</subfield>
    <subfield code="a">Premsa</subfield>
    <subfield code="y">S. XX</subfield>
    <subfield code="z">Catalunya</subfield>
  </datafield>
  <datafield tag="650" ind1="0" ind2="4">
    <subfield code="9">4133</subfield>
    <subfield code="a">Diaris</subfield>
    <subfield code="x">Bibliografia</subfield>
    <subfield code="x">Cat&#xE0;legs</subfield>
  </datafield>
  <datafield tag="700" ind1="1" ind2=" ">
    <subfield code="9">891</subfield>
    <subfield code="a">Bosch Grau,Josep</subfield>
  </datafield>
  <datafield tag="942" ind1=" " ind2=" ">
    <subfield code="c">MON</subfield>
    <subfield code="2">udc</subfield>
  </datafield>
  <datafield tag="999" ind1=" " ind2=" ">
    <subfield code="c">1140</subfield>
    <subfield code="d">1140</subfield>
  </datafield>
  <datafield tag="952" ind1=" " ind2=" ">
    <subfield code="0">0</subfield>
    <subfield code="1">0</subfield>
    <subfield code="4">0</subfield>
    <subfield code="7">0</subfield>
    <subfield code="a">LLEIDA</subfield>
    <subfield code="b">LLEIDA</subfield>
    <subfield code="d">2011-08-08</subfield>
    <subfield code="l">0</subfield>
    <subfield code="o">474MIT</subfield>
    <subfield code="p">LLEIDA1312613842</subfield>
    <subfield code="r">2013-01-16</subfield>
    <subfield code="w">2013-01-16</subfield>
    <subfield code="y">MON</subfield>
  </datafield>
  <datafield tag="952" ind1=" " ind2=" ">
    <subfield code="0">0</subfield>
    <subfield code="1">0</subfield>
    <subfield code="4">0</subfield>
    <subfield code="7">0</subfield>
    <subfield code="a">CDMR</subfield>
    <subfield code="b">CDMR</subfield>
    <subfield code="d">2013-01-16</subfield>
    <subfield code="l">0</subfield>
    <subfield code="o">Be</subfield>
    <subfield code="p">CDMR13056580</subfield>
    <subfield code="r">2013-05-31</subfield>
    <subfield code="w">2013-05-31</subfield>
    <subfield code="y">MON</subfield>
  </datafield>
</record>
